[Event "RUS-ch Rapid 2021"]
[Site "Sochi"]
[Date "2021.10.12"]
[Round "5.4"]
[White "Lysyj, Igor"]
[Black "Pridorozhni, Aleksei"]
[Result "1/2-1/2"]
[WhiteElo "2603"]
[BlackElo "2564"]
[Annotator "TA"]
[PlyCount "163"]
[EventDate "2021.10.12"]
[EventType "swiss"]
[EventCountry "RUS"]
[SourceTitle "playchess.com"]
[Source "ChessBase"]
[SourceQuality "1"]

{[%evp 14,163,6,7,35,20,21,23,29,28,29,29,36,18,14,2,16,15,33,26,34,30,84,45,
79,74,91,95,81,42,95,97,119,96,116,97,187,87,112,97,101,100,104,102,122,120,
120,120,120,105,112,105,105,105,112,112,112,112,112,112,108,54,112,112,112,56,
112,83,132,132,132,132,107,68,62,44,58,29,29,32,26,6,6,6,224,220,202,216,195,
182,182,159,218,198,229,89,80,91,83,87,80,0,0,0,0,0,3,3,10,11,73,73,85,0,0,0,0,
0,0,0,0,0,0,0,0,0,0,0,0,0,20,20,60,0,0,0,110,0,0,0,0,0,0,0,0,0,12845,12846,
12845,0,0,0]} 1. d4 d5 2. c4 e6 3. Nf3 Nf6 4. g3 Bb4+ 5. Bd2 Be7 6. Bg2 O-O 7.
O-O c6 8. Qc2 Ne4 {E11: Bogo-Indian.} 9. Ne5 Nxd2 10. Nxd2 Nd7 {White has an
edge.} 11. Ndf3 {[%cal Bd2f3,Bf3e5,Be5d3,Bd3c5][%mdl 32]} Nxe5 12. Nxe5 {[#]}
Bd7 $146 ({Predecessor:} 12... Bd6 13. e4 Bxe5 14. dxe5 dxe4 15. Bxe4 g6 16.
Rfd1 Qe7 17. Rd6 f5 18. Bg2 f4 19. Be4 Qg5 20. Qc3 fxg3 21. hxg3 Qg4 22. Qe3
Kg7 23. Kg2 g5 24. f3 {1-0 (24) Liebert,H (2186)-Minte,H (1858) Binz 2017}) 13.
e4 dxc4 14. Qxc4 Be8 15. Rfd1 Rc8 16. b4 Bd6 17. Nd3 Bd7 (17... a5 $11) 18.
Rac1 Rc7 19. a3 {[%cal Ba2a3,Ba3a4,Ba4a5][%mdl 32]} Bc8 20. e5 Be7 21. Nc5 Qe8
({Black should try} 21... b6 $14) 22. a4 $16 a6 23. h4 Kh8 24. a5 f5 (24... f6
$16) 25. exf6 (25. Nxe6 $18 {is more deadly.} Bxe6 26. Qxe6) 25... Bxf6 26. Re1
Re7 27. Ne4 Qd8 28. Rcd1 h6 29. Rd2 Rd7 {[%cal Rd7d4]} 30. Nxf6 ({Wrong is} 30.
Qxe6 $2 Rd5 $19) 30... Rxf6 31. Bh3 ({And not} 31. Rxe6 Qg8 $17) 31... Rd6 32.
Re4 Bd7 33. Rde2 Qf8 34. Re5 Rd5 35. Bg2 Rd6 36. Qc5 $1 Kg8 37. f4 (37. Bh3 $16
) 37... Rf5 ({Better is} 37... Be8 $1 $14) 38. Kh2 Rf6 39. h5 (39. Bh3 $16)
39... Bc8 (39... Be8 $1 $14) 40. Be4 Qd8 41. Rd2 Qf8 42. Kg2 Bd7 43. Re2 {
[%cal Bd2e2,Be2e4,Be4e6][%mdl 32]} Be8 $1 44. Bf3 Bf7 45. Bg4 Qd8 46. R2e4 Kh8
47. Qc3 Bg8 48. Qe3 Rf8 $2 (48... Qf8 $11 {and Black stays safe.}) 49. Bxe6 $18
Bxe6 50. Rxe6 Rxe6 51. Rxe6 {[%mdl 4096] Endgame KQR-KQR} Qd5+ 52. Qe4 Qxh5 (
52... Rd8 $16 53. Qxd5 Rxd5) 53. Qe5 $1 {[%cal Re5h5]} Rf5 {[#]} 54. Rxh6+ $3 {
[%mdl 512]} Qxh6 $16 55. Qxf5 $18 {KQ-KQ} Qd6 56. Qc5 Qe6 {[#]} 57. Qh5+ (57.
Kf3 $1 $16) 57... Kg8 $11 58. Qe5 (58. Qf3 {with more complications.} Qc4 59.
Qe4 Qxb4 60. Qe8+ Kh7 61. Qe5) 58... Qc4 59. Qc5 Qe6 60. Kf2 Qa2+ 61. Kf3 Qe6 (
61... Qb3+ $11 62. Kg4 Qe6+ 63. Qf5 Qd6) 62. f5 Qe1 63. g4 (63. Qd6 $16 {
Threatens to win with Qe6+.} Qf1+ 64. Ke4) 63... Qf1+ (63... Qd1+ {keeps more
tension.} 64. Kg3 Qg1+ 65. Kh3 Qf1+ 66. Kh4 Qe1+) 64. Ke4 {Black must now
prevent Ke5.} Qe2+ 65. Kf4 Qh2+ 66. Kf3 Qh3+ 67. Kf4 {aiming for Ke5.} Qh2+ 68.
Ke3 Qg3+ 69. Kd2 Qxg4 70. Qe5 Qg5+ (70... Qg1 {is more complex.} 71. Qe8+ Kh7
72. Qe5 Qf2+ 73. Kc3 Qf3+) 71. Kd3 Qd8 72. Kc4 Kh7 $1 73. Kc5 (73. Qe6 $1 $14)
73... Qf8+ 74. Kc4 Qg8+ (74... Qd8 $11 {keeps the balance.}) 75. d5 (75. Qe6
$16 {Hoping for Qxg8+.} Qd8 76. Qf7) 75... cxd5+ 76. Qxd5 Qc8+ 77. Kd4 Qc7 78.
Qe6 Qf4+ 79. Qe4 Qxe4+ $4 {[%mdl 8192]} (79... Qd6+ $11 80. Ke3 Qg3+ 81. Kd4
Qd6+ 82. Ke3 Qg3+ 83. Ke2 Qh2+ 84. Kf1 Qh3+ 85. Ke1 Qg3+ 86. Kd2 Qh2+ 87. Kd3
Qd6+ 88. Ke3) 80. Kxe4 $18 Kh6 81. Ke5 $2 (81. Kd5 $18 {Strongly threatening
Kd6.} Kh5 82. Ke6) 81... Kg5 $11 82. Ke4 {Weighted Error Value: White=0.16/
Black=0.21} 1/2-1/2

[Event "RUS-ch Rapid 2021"]
[Site "Sochi"]
[Date "2021.10.12"]
[Round "5.5"]
[White "Triapishko, Alexandr"]
[Black "Riazantsev, Alexander"]
[Result "1/2-1/2"]
[WhiteElo "2506"]
[BlackElo "2634"]
[Annotator "TA"]
[PlyCount "87"]
[EventDate "2021.10.12"]
[EventType "swiss"]
[EventCountry "RUS"]
[SourceTitle "playchess.com"]
[Source "ChessBase"]
[SourceQuality "1"]

{[%evp 10,87,35,31,29,19,33,39,29,38,38,34,62,34,30,12,10,10,10,0,13,12,24,24,
35,12,1,10,5,8,17,8,10,10,21,2,3,12,65,0,0,0,0,0,0,0,0,0,0,0,0,-54,-44,-56,-5,
-51,0,-13,0,0,0,0,0,0,0,0,0,0,0,0,0,0,0,0,0,0,0,0,0,0]} 1. Nf3 d5 2. g3 Nc6 3.
d4 Bf5 4. Bg2 e6 5. O-O Nb4 6. Na3 h5 {D02: 1 d4 d5 2 Nf3 sidelines, including
2...Nf6 3 g3 and 2...Nf6 3 Bf4.} 7. c3 Nc6 8. Qb3 Bxa3 {White is slightly
better.} 9. Qxa3 Be4 {[#]} 10. h4 $146 ({Predecessor:} 10. Qb3 b6 11. Rd1 f6
12. Bf1 Bf5 13. c4 Nge7 14. Nh4 Bh7 15. Bh3 g5 16. Bxe6 gxh4 17. cxd5 {0-1 (48)
Praggnanandhaa,R (2897)-Riazantsev,A (2671) Chess.com INT 2020}) 10... Qe7 11.
Qxe7+ (11. Qb3 {is interesting.} O-O-O 12. Ne5 Nxe5 13. Bxe4 Nc4 14. Bd3) 11...
Ngxe7 12. Ng5 Bxg2 13. Kxg2 Nd8 14. Re1 f6 15. Nh3 Ng6 16. e4 Kd7 17. Nf4 (17.
f3 {is interesting.} Nf7 18. b3 dxe4 19. fxe4 e5 20. Bb2) 17... Nxf4+ 18. Bxf4
c6 19. Re2 Nf7 20. Rae1 Rae8 21. f3 Re7 (21... Rhg8 {with more complications.}
22. Rh1 b6 23. b3 Rc8 24. g4 Rge8) 22. Kh3 Rg8 23. e5 f5 ({Better is} 23... Nh8
$11) 24. Rg1 (24. a4 $14) 24... g5 $11 25. hxg5 Nxg5+ {[%mdl 64] [#] Double
Attack} 26. Kg2 h4 $1 27. Bxg5 Rxg5 {[%mdl 4096] Endgame KRR-KRR} 28. Kh2 hxg3+
29. Rxg3 Rh7+ 30. Rh3 (30. Kg2 $11 Rgh5 31. Rf2) 30... Rhg7 $1 $15 31. Rh6 b6 (
31... b5 $15) 32. b4 $11 Ke7 33. a4 {The position is equal.} a6 (33... Kd7 {
feels hotter.} 34. Rf2 Kc7 35. Kh1 Rg3 36. Kh2 f4) 34. Rf2 Kf7 35. Rf6+ Ke7 {
[%cal Rg5h5] [#]} 36. Rh6 f4 37. Rh4 R5g6 38. a5 b5 39. Rc2 Kd7 40. Rf2 Ke8 41.
Rc2 Ke7 42. Rf2 Kd7 43. Rc2 Ke7 44. Rf2 {Weighted Error Value: White=0.07/
Black=0.09} 1/2-1/2

[Event "RUS-ch Rapid 2021"]
[Site "Sochi"]
[Date "2021.10.12"]
[Round "5.6"]
[White "Timofeev, Artyom"]
[Black "Kobalia, Mikhail"]
[Result "1-0"]
[WhiteElo "2586"]
[BlackElo "2600"]
[Annotator "TA"]
[PlyCount "67"]
[EventDate "2021.10.12"]
[EventType "swiss"]
[EventCountry "RUS"]
[SourceTitle "playchess.com"]
[Source "ChessBase"]
[SourceQuality "1"]

{[%evp 9,67,-54,-39,-45,-23,-29,-15,-19,0,0,0,-14,-13,-14,14,0,7,0,33,24,23,0,
0,0,38,38,129,102,90,96,66,82,108,104,87,19,123,22,108,85,93,0,0,0,106,0,0,0,
68,72,199,213,1889,0,0,0,781,519,649,642]} 1. c4 c6 2. b3 d5 3. Bb2 Nf6 4. Bxf6
exf6 5. Nf3 Bg4 6. e3 {[#] A11: English Opening: 1...c6.} Be7 $146 (6... d4 $5)
({Predecessor:} 6... Bb4 7. a3 Ba5 8. b4 Bc7 9. d4 O-O 10. Be2 Bxf3 11. Bxf3
dxc4 12. O-O Qd6 {1/2-1/2 (58) Bacon,K-Talreja,M Lansing 1992}) 7. cxd5 Qxd5 8.
Nc3 {The position is equal.} Qh5 9. Be2 Nd7 10. Nd4 Bxe2 11. Qxe2 Qg6 12. O-O
O-O 13. f4 Bc5 14. f5 $1 {[%cal Rf5g6]} Qh6 15. Ne4 Bxd4 16. exd4 Rfe8 17. Qg4
g5 (17... Nb6 $14) 18. Nd6 Re7 19. Rae1 Rxe1 20. Rxe1 Qf8 21. Qg3 ({Not} 21.
Nxb7 $2 Qb4 $19) 21... Nb6 22. Nxb7 (22. h4 $16 h6 23. Nxb7) 22... Qa3 (22...
Re8 $11 {remains equal.}) 23. Qc3 (23. h4 $16 h6 24. hxg5 hxg5 25. Qd6 Qxd6 26.
Nxd6) 23... Kg7 (23... Rc8 $11 {keeps the balance.}) 24. h4 $36 {[%mdl 2048] 
[#] hxg5 is the strong threat. White is in control.} h6 25. Qa5 Qb2 26. Qc3 Qa3
27. hxg5 (27. Qxc6 $16 Rc8 28. Qe4) 27... hxg5 $11 28. Kf2 {aiming for Rh1.}
Nd5 ({Better is} 28... Rh8 $11) 29. Qxc6 $14 Nf4 (29... Qxa2 $16 30. Qxd5 Qxd2+
31. Re2 Qf4+ 32. Qf3 Qxd4+ 33. Qe3 Qd7) 30. Nc5 $18 Qxa2 $2 {[#]} (30... Rh8)
31. Qxa8 $2 ({Only move:} 31. Ne4 $1 $18 Nh5 32. Qxa8) 31... Qxd2+ $11 32. Kf1
Qxd4 {[%mdl 8192]} (32... Nd3 $11 33. Nxd3 Qxd3+ 34. Kg1 Qxd4+ 35. Kf1 Qd3+ {
[%mdl 64] Double Attack} 36. Kf2 Qd2+ 37. Re2 Qd4+ 38. Re3 Qd2+ 39. Re2 Qd4+
40. Re3 Qd2+ 41. Re2) 33. Qc6 Nd5 {intending ...Qf4+.} 34. Ne4 {Weighted Error
Value: White=0.50/Black=0.41} 1-0

[Event "RUS-ch Rapid 2021"]
[Site "Sochi"]
[Date "2021.10.12"]
[Round "5.7"]
[White "Petrov, Nikita"]
[Black "Bologan, Victor"]
[Result "1/2-1/2"]
[WhiteElo "2539"]
[BlackElo "2574"]
[Annotator "ChessBase"]
[PlyCount "114"]
[EventDate "2021.10.12"]
[EventType "swiss"]
[EventCountry "RUS"]
[SourceTitle "playchess.com"]
[Source "ChessBase"]
[SourceQuality "1"]
[TimeControl "900+10"]

1. d4 {[%emt 0:00:34]} Nf6 {[%emt 0:00:05]} 2. c4 {[%emt 0:00:00]} d6 {[%emt 0:
00:10]} 3. Nc3 {[%emt 0:00:05]} Nbd7 {[%emt 0:00:03]} 4. Nf3 {[%emt 0:00:07]}
g6 {[%emt 0:00:04]} 5. e4 {[%emt 0:00:12]} e5 {[%emt 0:00:01]} 6. Be2 {[%emt 0:
00:03]} Bg7 {[%emt 0:00:05]} 7. O-O {[%emt 0:00:14]} O-O {[%emt 0:00:00]} 8.
Be3 {[%emt 0:00:03]} Re8 {[%emt 0:00:23]} 9. d5 {[%emt 0:00:49]} Nh5 {[%emt 0:
00:01]} 10. g3 {[%emt 0:00:31]} Bf8 {[%emt 0:00:01]} 11. Ne1 {[%emt 0:00:02]}
Ng7 {[%emt 0:00:07]} 12. Nd3 {[%emt 0:00:05]} f5 {[%emt 0:00:00]} 13. f3 {
[%emt 0:00:21]} a5 {[%emt 0:00:11]} 14. Qd2 {[%emt 0:00:12]} b6 {[%emt 0:00:16]
} 15. Rae1 {[%emt 0:00:17]} Be7 {[%emt 0:01:32]} 16. Bd1 {[%emt 0:00:08]} Ba6 {
[%emt 0:00:07]} 17. b3 {[%emt 0:00:16]} Nf6 {[%emt 0:00:34]} 18. exf5 {[%emt 0:
00:27]} Nxf5 {[%emt 0:00:21]} 19. Bf2 {[%emt 0:00:13]} Bf8 {[%emt 0:00:10]} 20.
g4 {[%emt 0:01:23]} Nd4 {[%emt 0:02:02]} 21. f4 {[%emt 0:00:50]} Nd7 {[%emt 0:
01:06]} 22. Ne4 {[%emt 0:00:42]} Bg7 {[%emt 0:02:01]} 23. Bxd4 {[%emt 0:02:46]}
exd4 {[%emt 0:00:01]} 24. g5 {[%emt 0:00:03]} b5 {[%emt 0:00:24]} 25. cxb5 {
[%emt 0:00:14]} Bxb5 {[%emt 0:00:07]} 26. Bg4 {[%emt 0:00:00]} Nf8 {[%emt 0:02:
52]} 27. f5 {[%emt 0:01:18]} gxf5 {[%emt 0:00:22]} 28. Bxf5 {[%emt 0:00:07]} a4
{[%emt 0:00:27]} 29. b4 {[%emt 0:00:34]} Kh8 {[%emt 0:00:22]} 30. Rf3 {[%emt 0:
00:20]} c6 {[%emt 0:00:50]} 31. dxc6 {[%emt 0:01:44]} Bxc6 {[%emt 0:00:24]} 32.
Qf4 {[%emt 0:01:10]} Ra7 {[%emt 0:00:37]} 33. Rff1 {[%emt 0:02:10]} d5 {
[%emt 0:01:38]} 34. Nec5 {[%emt 0:00:27]} Rf7 {[%emt 0:00:09]} 35. Rxe8 {
[%emt 0:00:57]} Qxe8 {[%emt 0:00:02]} 36. Re1 {[%emt 0:00:23]} Re7 {[%emt 0:00:
10]} 37. Rxe7 {[%emt 0:00:10]} Qxe7 {[%emt 0:00:12]} 38. Kf2 {[%emt 0:00:00]}
a3 {[%emt 0:00:08]} 39. h4 {[%emt 0:00:06]} Bb5 {[%emt 0:00:13]} 40. h5 {
[%emt 0:00:11]} h6 {[%emt 0:00:27]} 41. gxh6 {[%emt 0:00:31]} Bf6 {[%emt 0:00:
00]} 42. Qf3 {[%emt 0:00:00]} Bc4 {[%emt 0:01:13]} 43. Nf4 {[%emt 0:00:00]} Qe5
{[%emt 0:00:00]} 44. Bd3 {[%emt 0:01:07]} Qe3+ {[%emt 0:01:11]} 45. Qxe3 {
[%emt 0:00:12]} dxe3+ {[%emt 0:00:01]} 46. Kxe3 {[%emt 0:00:10]} Bxa2 {[%emt 0:
00:01]} 47. Ng6+ {[%emt 0:00:13]} Nxg6 {[%emt 0:01:05]} 48. hxg6 {[%emt 0:00:
01]} Bg5+ {[%emt 0:00:01]} 49. Kd4 {[%emt 0:00:12]} Bxh6 {[%emt 0:00:02]} 50.
Ne6 {[%emt 0:00:01]} Bd2 {[%emt 0:00:38]} 51. b5 {[%emt 0:00:18]} Ba5 {[%emt 0:
00:02]} 52. Kc5 {[%emt 0:00:14]} Bc4 {[%emt 0:00:28]} 53. Bb1 {[%emt 0:00:01]}
a2 {[%emt 0:00:17]} 54. Bxa2 {[%emt 0:00:01]} Bxa2 {[%emt 0:00:00]} 55. b6 {
[%emt 0:00:10]} Bxb6+ {[%emt 0:00:13]} 56. Kxb6 {[%emt 0:00:01]} Kg8 {[%emt 0:
00:02]} 57. Kc5 {[%emt 0:00:01]} Bb1 {[%emt 0:00:03]} 1/2-1/2

[Event "RUS-ch Rapid 2021"]
[Site "Sochi"]
[Date "2021.10.12"]
[Round "5.8"]
[White "Tsydypov, Zhamsaran"]
[Black "Nesterov, Arseniy"]
[Result "1-0"]
[WhiteElo "2526"]
[BlackElo "2514"]
[Annotator "ChessBase"]
[PlyCount "83"]
[EventDate "2021.10.12"]
[EventType "swiss"]
[EventCountry "RUS"]
[SourceTitle "playchess.com"]
[Source "ChessBase"]
[SourceQuality "1"]
[TimeControl "900+10"]

1. e4 {[%emt 0:00:00]} e5 {[%emt 0:00:04]} 2. Nf3 {[%emt 0:00:03]} Nc6 {
[%emt 0:00:02]} 3. Bb5 {[%emt 0:00:38]} Nf6 {[%emt 0:00:52]} 4. d3 {[%emt 0:00:
07]} Bc5 {[%emt 0:00:00]} 5. c3 {[%emt 0:00:02]} O-O {[%emt 0:00:09]} 6. O-O {
[%emt 0:00:14]} d6 {[%emt 0:00:02]} 7. Nbd2 {[%emt 0:00:07]} Bb6 {[%emt 0:00:
15]} 8. Ba4 {[%emt 0:00:33]} Ne7 {[%emt 0:00:09]} 9. h3 {[%emt 0:00:54]} Ng6 {
[%emt 0:00:08]} 10. Re1 {[%emt 0:00:13]} c6 {[%emt 0:00:31]} 11. d4 {[%emt 0:
00:14]} h6 {[%emt 0:00:27]} 12. b4 {[%emt 0:01:07]} Be6 {[%emt 0:00:54]} 13.
Bb2 {[%emt 0:00:18]} Nf4 {[%emt 0:02:54]} 14. Re3 {[%emt 0:00:21]} Bxh3 {
[%emt 0:01:07]} 15. gxh3 {[%emt 0:00:28]} Nxh3+ {[%emt 0:00:04]} 16. Kf1 {
[%emt 0:00:23]} Ng4 {[%emt 0:00:00]} 17. Re2 {[%emt 0:02:48]} f5 {[%emt 0:01:
23]} 18. Bb3+ {[%emt 0:00:33]} Kh8 {[%emt 0:00:04]} 19. exf5 {[%emt 0:00:31]}
Rxf5 {[%emt 0:00:03]} 20. Be6 {[%emt 0:00:12]} Nhxf2 {[%emt 0:03:03]} 21. Bxf5
{[%emt 0:01:28]} Nxd1 {[%emt 0:00:02]} 22. Rxd1 {[%emt 0:00:00]} Nf6 {[%emt 0:
00:07]} 23. dxe5 {[%emt 0:00:33]} Nh5 {[%emt 0:01:04]} 24. Ne4 {[%emt 0:00:41]}
d5 {[%emt 0:00:03]} 25. Rh2 {[%emt 0:00:32]} Qe8 {[%emt 0:02:37]} 26. Nd6 {
[%emt 0:01:26]} Ng3+ {[%emt 0:00:03]} 27. Kg2 {[%emt 0:00:00]} Nxf5 {[%emt 0:
00:00]} 28. Nxe8 {[%emt 0:00:05]} Ne3+ {[%emt 0:00:00]} 29. Kg3 {[%emt 0:01:43]
} Nxd1 {[%emt 0:00:02]} 30. Nd6 {[%emt 0:00:00]} Rf8 {[%emt 0:00:14]} 31. Re2 {
[%emt 0:00:13]} Ne3 {[%emt 0:02:14]} 32. Bc1 {[%emt 0:00:33]} Nf5+ {[%emt 0:00:
00]} 33. Nxf5 {[%emt 0:00:09]} Rxf5 {[%emt 0:00:01]} 34. e6 {[%emt 0:00:12]}
Rf8 {[%emt 0:00:13]} 35. e7 {[%emt 0:00:11]} Re8 {[%emt 0:00:41]} 36. Bf4 {
[%emt 0:00:42]} Kg8 {[%emt 0:00:02]} 37. Bd6 {[%emt 0:00:03]} Kf7 {[%emt 0:00:
02]} 38. Nd4 {[%emt 0:00:24]} Bxd4 {[%emt 0:00:04]} 39. cxd4 {[%emt 0:00:00]}
b6 {[%emt 0:00:09]} 40. Rf2+ {[%emt 0:00:13]} Ke6 {[%emt 0:00:00]} 41. Rf8 {
[%emt 0:00:02]} Kd7 {[%emt 0:00:00]} 42. Kf4 {[%emt 0:00:08]} 1-0

[Event "RUS-ch Rapid 2021"]
[Site "Sochi"]
[Date "2021.10.12"]
[Round "5.9"]
[White "Kokarev, Dmitry"]
[Black "Zubritskiy, Artyom"]
[Result "1/2-1/2"]
[WhiteElo "2579"]
[BlackElo "2442"]
[Annotator "ChessBase"]
[PlyCount "52"]
[EventDate "2021.10.12"]
[EventType "swiss"]
[EventCountry "RUS"]
[SourceTitle "playchess.com"]
[Source "ChessBase"]
[SourceQuality "1"]
[TimeControl "900+10"]

1. e4 {[%emt 0:00:00]} c5 {[%emt 0:00:00]} 2. Nf3 {[%emt 0:00:07]} Nf6 {
[%emt 0:00:10]} 3. e5 {[%emt 0:00:02]} Nd5 {[%emt 0:00:00]} 4. Nc3 {[%emt 0:00:
00]} e6 {[%emt 0:00:00]} 5. Nxd5 {[%emt 0:00:09]} exd5 {[%emt 0:00:00]} 6. d4 {
[%emt 0:00:00]} Nc6 {[%emt 0:00:00]} 7. dxc5 {[%emt 0:00:00]} Bxc5 {[%emt 0:00:
00]} 8. Qxd5 {[%emt 0:00:00]} d6 {[%emt 0:02:32]} 9. exd6 {[%emt 0:00:07]} Qb6
{[%emt 0:00:00]} 10. Qe4+ {[%emt 0:00:02]} Be6 {[%emt 0:00:04]} 11. Qh4 {
[%emt 0:00:06]} f6 {[%emt 0:02:42]} 12. Bd3 {[%emt 0:00:33]} g5 {[%emt 0:02:04]
} 13. Qh5+ {[%emt 0:00:26]} Bf7 {[%emt 0:00:13]} 14. d7+ {[%emt 0:00:12]} Ke7 {
[%emt 0:00:01]} 15. Qh6 {[%emt 0:00:18]} Bxf2+ {[%emt 0:00:31]} 16. Kd1 {
[%emt 0:02:50]} Nb4 {[%emt 0:03:03]} 17. Bd2 {[%emt 0:00:37]} Nxd3 {[%emt 0:00:
04]} 18. cxd3 {[%emt 0:00:00]} Rad8 {[%emt 0:03:57]} 19. Bc3 {[%emt 0:00:58]}
Rxd7 {[%emt 0:00:03]} 20. Kc2 {[%emt 0:00:06]} Rc8 {[%emt 0:01:15]} 21. Rhf1 {
[%emt 0:00:33]} Qa6 {[%emt 0:01:33]} 22. Qxh7 {[%emt 0:02:58]} Qa4+ {[%emt 0:
00:01]} 23. Kd2 {[%emt 0:00:02]} Qf4+ {[%emt 0:00:11]} 24. Kc2 {[%emt 0:00:00]}
Qa4+ {[%emt 0:00:06]} 25. Kd2 {[%emt 0:00:00]} Qf4+ {[%emt 0:00:09]} 26. Kc2 {
[%emt 0:00:00]} Qa4+ {[%emt 0:00:15]} 1/2-1/2

[Event "RUS-ch Rapid 2021"]
[Site "Sochi"]
[Date "2021.10.12"]
[Round "5.10"]
[White "Vastrukhin, Oleg"]
[Black "Grachev, Boris"]
[Result "1-0"]
[WhiteElo "2382"]
[BlackElo "2615"]
[Annotator "TA"]
[PlyCount "116"]
[EventDate "2021.10.12"]
[EventType "swiss"]
[EventCountry "RUS"]
[SourceTitle "playchess.com"]
[Source "ChessBase"]
[SourceQuality "1"]

{[%evp 13,116,0,0,-15,-11,-15,-8,-20,-11,-10,-9,-8,-7,-18,-18,-23,-10,-10,-10,
-16,-17,-12,-17,-10,-10,-11,0,-9,0,0,0,0,0,0,0,0,11,10,33,33,34,16,23,8,40,50,
83,89,168,162,260,255,249,249,270,270,329,310,368,290,650,161,282,177,163,176,
195,210,414,411,557,554,559,554,477,317,410,333,297,240,250,250,245,241,299,
299,1069,766,693,670,29970,6315,29981,29982,29983,29984,29987,29988,29989,
29990,29990,29990,29991,29992,29992]} 1. Nf3 b6 2. g3 Bb7 3. Bg2 e6 4. O-O c5
5. d3 Nf6 6. e4 d6 7. Nbd2 Be7 8. e5 {A05: Réti Opening: 1 Nf3 Nf6.} dxe5 9.
Nxe5 Bxg2 10. Kxg2 {[#] The position is equal.} Qd5+ $146 ({Predecessor:} 10...
O-O 11. Re1 Nbd7 12. Nc6 Qe8 13. Qf3 Bd6 14. b3 Qc8 15. Nc4 Nd5 16. Nxa7 Rxa7
17. Nxd6 {1-0 (40) Dould,J (1950)-Batres Bianchi,L (1600) Liape email 2002})
11. Ndf3 O-O 12. Re1 Nbd7 13. b3 Nxe5 14. Rxe5 Qb7 {Black wants to play ...Nd5.
} 15. Bb2 Nd7 {White must now prevent ...Bf6.} 16. Re1 Bf6 17. Bxf6 Nxf6 18. a4
a6 19. Qe2 b5 20. Qe5 Rfc8 21. axb5 axb5 22. Rxa8 Qxa8 23. Ra1 Qb7 24. Qd6 h6
25. Qa6 Qd7 26. Ra5 b4 27. Ne5 Qd5+ 28. Kg1 Rf8 (28... Re8 $5 {[%cal Rd5e5]}
29. Nc4 Qf3 $11) 29. Nc4 Qf3 {[#] ( -> ...Ng4)} 30. Ne3 {White stays focused
until the end.} Nd5 (30... Kh7 $16) 31. Qc6 $18 Qe2 (31... Rd8 {is a better
defense.} 32. Rxc5 g5) 32. Nxd5 exd5 33. Rxc5 {[%mdl 4096] Endgame KQR-KQR} ({
Resist} 33. Qxd5 $6 Qxc2 34. Rxc5 Qb2) 33... Re8 34. Qxd5 g6 35. Rc7 Re6 36.
Rc8+ ({And not} 36. Qd7 Rf6 $11) 36... Kg7 $2 (36... Re8 37. Rc4 Qe7) 37. Rc6
$2 (37. Qd8 {[%csl Gc8][%cal Rd8h8]} g5 38. Qg8+ Kf6 39. Qh7) 37... Qd1+ 38.
Kg2 {Qd4+ is the strong threat.} Re1 39. Kh3 {And now Qd4+ would win.} ({
Inferior is} 39. Rc7 Rg1+ 40. Kh3 Qf1+ 41. Kg4 Qxf2 $11) 39... Re8 {[#]
intending ...Qf1+.} 40. Qd4+ $1 Kg8 $2 (40... Kh7) 41. Kg2 h5 42. Qd5 Kg7 43.
Rc7 Rf8 44. Qf3 Qe1 45. h4 Qe5 46. Rb7 Qc5 47. Qe4 Qxc2 48. Rxb4 Rd8 49. Rd4
Rc8 $2 (49... Rf8 50. b4 Qa4 51. Qe5+ Kg8) 50. Rc4 Rxc4 51. bxc4 {[%cal Bb3c4,
Bc4c5,Bc5c6,Bc6c7][%mdl 32] KQ-KQ} f5 52. Qd4+ Kh7 53. c5 {White mates.} f4 54.
gxf4 Qe2 55. Qd7+ Kh6 56. c6 Qa2 57. Qd8 {[%cal Rd8h8]} Kh7 58. c7 Qe6 {
Weighted Error Value: White=0.30/Black=0.68} 1-0